000
00283nam a22001217a 4500
008
230619b xxu||||| |||| 00| 0 eng d
082
_a
301.63
_b
GIB
100
_b
Henry Gibbs
245
_a
Africa on a tifhtrope
260
_a
london
_b
Jarrolds LTD
300
_a
200p
942
_2
ddc
_c
BK
999
_c
1295
_d
1295